LEADER 03964nam 2200673 450 001 9910453595903321 005 20200520144314.0 010 $a3-11-087045-2 024 7 $a10.1515/9783110870459 035 $a(CKB)2550000001198821 035 $a(EBL)3045520 035 $a(OCoLC)922948900 035 $a(SSID)ssj0001082486 035 $a(PQKBManifestationID)12486367 035 $a(PQKBTitleCode)TC0001082486 035 $a(PQKBWorkID)11098279 035 $a(PQKB)11117632 035 $a(MiAaPQ)EBC3045520 035 $a(DE-B1597)55628 035 $a(OCoLC)979587659 035 $a(DE-B1597)9783110870459 035 $a(Au-PeEL)EBL3045520 035 $a(CaPaEBR)ebr10834618 035 $a(EXLCZ)992550000001198821 100 $a19930825d1993 uy| 0 101 0 $aeng 135 $aur|n|---||||| 181 $ctxt 182 $cc 183 $acr 200 00$a1870/71-1989/90 $eGerman unifications and the change of literary discourse /$fedited by Walter Pape 205 $aReprint 2013 210 1$aBerlin ;$aNew York :$cW. de Gruyter,$d1993. 215 $a1 online resource (388 p.) 225 1 $aEuropean cultures ;$vvolume 1 300 $aDescription based upon print version of record. 311 $a3-11-013878-6 320 $aIncludes bibliographical references and index. 327 $tFrontmatter -- $tContents -- $tCultural Change and Cultural Memory: The Principle of Hope in the Times of German Unifications / $rPape, Walter -- $tHistory, Education, Language, and National Identity -- $tNational History and National Identity in the New Germany / $rSheehan, James J. -- $tThe Franco-Prussian War and Unification in German History Schoolbooks / $rKelly, Alfred -- $tLanguage and the Social Foundations of Radical Nationalism in the Wilhelmine Era / $rChickering, Roger -- $t"Dann weg 'mit's Milletär' und wieder ein civiler Civilist": Theodor Fontane and the Wars of German Unification / $rCornell, John S. -- $tLiterature, Aesthetics, and Literary Market after 1870/71 -- $t"Hurra, Germania - mir graut vor dir": Hoffmann von Fallersleben, Freiligrath, Herwegh, and the German Unification of 1870/71 / $rPape, Walter -- $tFriedrich Spielhagen - Critic of Bismarck's Empire / $rNeuhaus, Volker -- $t"Gibt es nicht Völker, in denen vergessen zu werden eine Ehre ist?": Raabe and German Unification / $rMeyer-Krentler, Eckhardt -- $tLiterary Changes Compared - 1870/71 and 1990 -- $tImagining the German Capital: Berlin Writers on the Two Unification Eras / $rRoper, Katherine -- $tTelling German History: Forms and Functions of the Historical Narrative Against the Background of the National Unifications / $rFulda, Daniel -- $t1990: The Priciple of Hope or: Nailed to the Cross of the Past? -- $tAnother Piece of the Past / $rReed, Terence James -- $tIntellectuals, Unification, and Political Change 1990: The Case of Christa Wolf / $rSchoeps, Karl-Heinz J. -- $t"Wir hausen im Prenzlauer Berg": On the Very Last Generation of GDR Poets / $rBrady, Philip -- $tThe End of the Dream of the "Other Germany": The "German Question" in West German Letters / $rBullivant, Keith -- $tBibliography -- $tNotes on Contributors -- $tIndex 410 0$aEuropean cultures ;$vv. 1. 606 $aGerman literature$y19th century$xPolitical aspects 606 $aGerman literature$y20th century$xPolitical aspects 606 $aNationalism in literature 606 $aFranco-Prussian War, 1870-1871 607 $aGermany$xHistory$yUnification, 1990 608 $aElectronic books. 615 0$aGerman literature$xPolitical aspects. 615 0$aGerman literature$xPolitical aspects. 615 0$aNationalism in literature. 615 0$aFranco-Prussian War, 1870-1871. 676 $a830.9/358 701 $aPape$b Walter$0223991 801 0$bMiAaPQ 801 1$bMiAaPQ 801 2$bMiAaPQ 906 $aBOOK 912 $a9910453595903321 996 $a1870$92454527 997 $aUNINA LEADER 04175nam 2200661 450 001 9910813743203321 005 20230803221033.0 010 $a3-05-501626-2 010 $a1-306-52952-2 010 $a3-05-010312-4 024 7 $a10.1524/9783050103129 035 $a(CKB)2550000001239677 035 $a(EBL)1575438 035 $a(OCoLC)874320233 035 $a(SSID)ssj0001215468 035 $a(PQKBManifestationID)11815627 035 $a(PQKBTitleCode)TC0001215468 035 $a(PQKBWorkID)11177489 035 $a(PQKB)10103946 035 $a(MiAaPQ)EBC1575438 035 $a(DE-B1597)245828 035 $a(OCoLC)880450120 035 $a(OCoLC)900718791 035 $a(DE-B1597)9783050103129 035 $a(Au-PeEL)EBL1575438 035 $a(CaPaEBR)ebr10861382 035 $a(CaONFJC)MIL584203 035 $a(EXLCZ)992550000001239677 100 $a20140430h20142014 uy 0 101 0 $ager 135 $aur|n|---||||| 181 $ctxt 182 $cc 183 $acr 200 10$aBriefe$hBand 1$i1781 - Juni 1791 /$fWilhelm von Humboldt ; herausgegeben und kommentiert von Philip Mattson 210 1$aBerlin, Germany :$cde Gruyter,$d2014. 210 4$d©2014 215 $a1 online resource (648 p.) 225 1 $aWilhelm von Humboldt - Briefe 300 $aDescription based upon print version of record. 311 $a3-05-010313-2 311 $a3-05-006329-7 320 $aIncludes bibliographical references and indexes. 327 $t Frontmatter -- $tVorwort -- $tInhaltsverzeichnis -- $tEinleitung -- $tEditionsprinzipien -- $tDie Briefe: 1. An Joachim Heinrich Campe in Hamburg - 42. An die Verbündeten in Berlin -- $tDie Briefe: 43. An Sophie v. La Roche in Offenbach - 93. An K. v. Beulwitz und K. v. Dacheröden in Erfurt -- $tDie Briefe: 94. An Karoline v. Beulwitz in Erfurt - 150. An Karoline in Erfurt -- $tDie Briefe: 151. An Jacobi in Pempelfort - 198. An Karoline in Erfurt -- $tKommentar -- $tAbkürzungsverzeichnis -- $tSiglenverzeichnis der häufiger zitierten Literatur -- $tBücherverzeichnisse -- $tPersonenregister -- $tOrtsregister -- $tSachregister 330 $aSeit über hundert Jahren wartet eine interessierte Öffentlichkeit auf eine umfassende, kritische, kommentierte Edition der Briefe Wilhelm von Humboldts. Die lange Reihe prominenter Akteure der Goethe-Zeit (bzw. der Napoleonischen Ära), die zu den Briefpartnern dieses Staatsmannes, Bildungsreformers und Sprachforschers zählen, sowie die Vielfalt der Themen - neben den bereits genannten sind dies vor allem Philosophie, Literatur, Philologie, bildende Kunst, Politik, diplomatische Korrespondenz, Geschichte - und nicht zuletzt die literarischen Qualitäten der Brieftexte selbst machen dieses umfangreiche Briefcorpus zu einem der bedeutendsten der Epoche: ein Zeitgemälde auf höchstem Niveau. Die Ausgabe wird in drei Abteilungen erscheinen: I. Jugendbriefe, Brautzeit, erste Ehejahre (1781-1802) II. Amtszeit (1802-1819) III. Altersmuße (1820-1835). Die I. Abteilung wird fünf Bände umfassen. Band 1 beginnt mit Briefen des 13-jährigen Knaben; erster Schwerpunkt ist die Reihe schwärmerischer Briefe an Henriette Herz und weitere Mitglieder der "Verbindung", einer Vereinigung zur gegenseitigen moralischen Vervollkommnung, die Humboldt bis zur Verlobung mit Karoline von Dacheröden intensiv beschäftigte; danach stehen die Briefe an die Braut im Vordergrund. Außerdem spielen die Briefe an Georg Forster und Friedrich Heinrich Jacobi eine wichtige Rolle; auch die später umfangreiche Korrespondenz mit Carl Gustaf von Brinkman beginnt bereits in dieser Periode. Mit der Eheschließung im Juni 1791 wird der Band abgeschlossen. Der Band enthält 198 Briefe, davon 21 bisher ungedruckte. 410 0$aWilhelm von Humboldt - Briefe 606 $aLITERARY CRITICISM / General$2bisacsh 615 7$aLITERARY CRITICISM / General. 676 $a320.510943 700 $aHumboldt$b Wilhelm von$0141058 702 $aMattson$b Philip 801 0$bMiAaPQ 801 1$bMiAaPQ 801 2$bMiAaPQ 906 $aBOOK 912 $a9910813743203321 996 $aBriefe$9201836 997 $aUNINA